AI Strategy Unleash the Power of Artificial Intelligence in Your Busines
Salvato in:
| Autore principale: | |
|---|---|
| Natura: | Libro |
| Lingua: | inglese |
| Pubblicazione: |
London
Kogan Page
2025
|
| Edizione: | 1st Edition |
| Soggetti: | |
| Tags: |
Nessun Tag, puoi essere il primo ad aggiungerne!!
|
MARC
| LEADER | 00000nam a2200000 4500 | ||
|---|---|---|---|
| 001 | 0313150 | ||
| 005 | 20260109130733.0 | ||
| 020 | |a 9781398619562 | ||
| 041 | 0 | |a eng | |
| 044 | |a GB | ||
| 245 | 1 | 0 | |a AI Strategy |b Unleash the Power of Artificial Intelligence in Your Busines |c Bernard Marr |
| 250 | |a 1st Edition | ||
| 264 | 1 | |a London |b Kogan Page |c 2025 | |
| 300 | |a 284 s. | ||
| 500 | |a ProQuest e-books. | ||
| 610 | 2 | 0 | |a inteligencia umelá |
| 610 | 2 | 0 | |a podnikanie |
| 610 | 2 | 0 | |a transformácia digitálna |
| 610 | 2 | 0 | |a riadenie rizík |
| 610 | 2 | 0 | |a stratégia podniková |
| 610 | 2 | 0 | |a stratégia podnikateľská |
| 610 | 2 | 0 | |a etika |
| 100 | 1 | |a Marr, Bernard | |